000
00252nam a2200097Ia 4500
001
701513
005
20250826162314.0
008
250824s9999 xx 000 0 und d
245
0
_a
SON MÜHÜR
_c
DALAL AL-ALAMİ
260
_b
SELÇUKLU BELEDİYESİ YAYINLARI
999
_c
701513
_d
701513